000 00393nam a2200157 a 4500
001 0498
005 20140414131916.0
008 040117s19uu xx 00 eng d
050 _aER
_bJ12 1996
100 _aSouthgate, Vera
245 _aJack and the beanstalk /
_cVera Southgate.
260 _bLadybird,
_c1996.
300 _a50 p. ; cm.
440 _aWell loved tales
999 _c111476
_d111476